000
00265nam a22001217a 4500
008
181015b xxu||||| |||| 00| 0 eng d
041
_a
eng
080
_a
940
100
_a
16
101
_a
SHH
245
_a
The Community in America
_c
Warren,R.L
942
_2
udc
_c
BK
999
_c
49717
_d
49717